000 00292nam a22001337a 4500
008 170831b xxu||||| |||| 00| 0 eng d
020 _a9780205324538
041 _aeng
080 _24 ED
_a070
100 _a40
101 _aMED
245 _aPUBLIC SPEAKING
_cSKINER.G
942 _2udc
_cBK
999 _c25878
_d25878